Les murs du parcours Bande Dessinée à Bruxelles - Statistiques

Statistiques générales
  • Ce quiz a été pris 30 fois
  • Le résultat moyen est 18 sur 35
Statistiques - réponses
Par images Réponse % Correct
Titeuf
100%
Tintin
96%
Spirou
93%
Le Chat
89%
Schtroumpfs
89%
Lucky Luke
86%
Marsupilami
86%
Blake et Mortimer
82%
Boule et Bill
82%
Léonard
82%
Martine
82%
Astérix
75%
Gaston Lagaffe
75%
Benoît Brisefer
68%
Petit Spirou
61%
Cubitus
54%
XIII
54%
Yoko Tsuno
54%
Corto Maltese
50%
Natacha
50%
Quick et Flupke
50%
Ric Hochet
50%
Thorgal
43%
Bob et Bobette
39%
Elève Ducobu
39%
Gil Jourdan
21%
Billy the Cat
11%
Broussaille
7%
Victor Sackville
7%
Cori le Moussaillon
4%
La Patrouille des castors
4%
Jeune Albert
0%
Lincoln
0%
Odilon Verjus
0%
Petit Jojo
0%
Aucun quiz correspondant
Distribution des résultats
% des personnes avec chaque résultat
Percentile par nombre de réponses
Votre historique - résultats
Vous n’avez pas pris ce quiz